000
00214nam a2200097Ia 4500
008
170619s9999 xx 000 0 und d
100
_a
Srinath- L S
245
0
_a
Adv. Mechanics of Solids
260
_b
TMH
260
_c
2002
546
_a
ENGLISH
999
_c
16691
_d
16691